| 000 | 00913nam a2200253Ia 4500 | ||
|---|---|---|---|
| 003 | OSt | ||
| 005 | 20220930092659.0 | ||
| 006 | a|||||r|||| 00| 0 | ||
| 007 | ta | ||
| 008 | 220926b |||||||| |||| 00| 0 eng d | ||
| 024 | _a23675 | ||
| 037 | _cTheses | ||
| 040 |
_aCRL _cCRL _beng |
||
| 041 |
_2eng _aeng |
||
| 100 |
_aAman Deep Raj _9549448 |
||
| 110 |
_aUniversity OF Delhi. Faculty OF Medical Sciences. Department OF Obsterics and gynaecology _9544292 |
||
| 245 | 0 | _aFetal umblical artery doppler versus NST as predictors of adverse perinatal outcome in severe preeclampsia and fetal growth restriction | |
| 260 | _c2015 | ||
| 650 | _aWOMEN - DISEASES | ||
| 700 |
_a Dr. Krishn Kapur Gu. _9549449 |
||
| 700 |
_aUniversity OF Delhi. Faculty OF Medical Sciences. Department OF Obsterics and gynaecology _9544296 |
||
| 942 |
_cDIS _2CC |
||
| 999 |
_c884142 _d884142 |
||